(Des) territorialidades y (No) lugares procesos de configuración y transformación social del espacio (Registro nro. 57968)

Detalles MARC
000 -ENCABEZADO
Número de control [NR] 01168nam a2200265Ia 4500
008 - DE LONGITUD FIJA DE DATOS DE ELEMENTOS - INFORMACIÓN GENERAL
Elementos de longitud fija [NR] 130821s2006 ck gr spa
020 ## - NUMERO INTERNACIONAL NORMALIZADO PARA LIBROS [R]
Número Internacional Normalizado del libro [NR] 958978111X
040 ## - FUENTE DE CATALOGACION [NR]
Agencia de catalogación original [NR] Co-BoUCM
Idioma de catalogación [NR] spa
041 00 - CODIGO DE IDIOMA [R]
Código de idioma para texto/pista de sonido o título separado [R] Español
245 11 - MENCION DE TITULO [NR]
Título [NR] (Des) territorialidades y (No) lugares procesos de configuración y transformación social del espacio
Mención de responsabilidad, etc. [NR] editores Diego Herrea Gómez y Carlo Emilio Suárez
246 ## - FORMA VARIANTE DEL TITULO [R]
Título propiamente dicho/forma breve del título [NR] Territorialidades y lugares
Parte restante del título [NR] procesos de configuración y transformación social del espacio
260 ## - PUBLICACION, DISTRIBUCION, ETC. (PIE DE IMPRENTA) [R]
Lugar de publicación, distribución, etc. [R] Medellín (Antioquia, Colombia)
Nombre del editor, distribuidor, etc. [R] La Carreta Editores Escuela de Gobierno y políticas públicas de Antioquia Instituto de Estudios Regionales
Fecha de publicación, distribución, etc. [R] 2006
300 ## - DESCRIPCION FISICA [R]
Extensión [R] 259 páginas
490 ## - MENCION DE SERIE [R]
Mención de serie [R] La Carreta social
504 ## - NOTA DE BIBLIOGRAFIA, ETC. [R]
Nota de bibliografía, etc. [NR]
650 04 - ASIENTO SECUNDARIO DE MATERIA - TERMINO TEMATICO [R]
Término temático o nombre geográfico como elemento de entrada [NR] Asentamientos urbanos
9 (RLIN) 9620
650 04 - ASIENTO SECUNDARIO DE MATERIA - TERMINO TEMATICO [R]
Término temático o nombre geográfico como elemento de entrada [NR] Desplazamiento forzado
9 (RLIN) 13086
650 04 - ASIENTO SECUNDARIO DE MATERIA - TERMINO TEMATICO [R]
Término temático o nombre geográfico como elemento de entrada [NR] Ecología humana
9 (RLIN) 13643
650 04 - ASIENTO SECUNDARIO DE MATERIA - TERMINO TEMATICO [R]
Término temático o nombre geográfico como elemento de entrada [NR] Emigración e inmigración
9 (RLIN) 14050
650 04 - ASIENTO SECUNDARIO DE MATERIA - TERMINO TEMATICO [R]
Término temático o nombre geográfico como elemento de entrada [NR] Sociología
9 (RLIN) 386
700 1# - ASIENTO SECUNDARIO - NOMBRE PERSONAL [R]
Nombre personal [NR] Herrera Gómez, Diego
Término de relación [R]
9 (RLIN) 164583
700 1# - ASIENTO SECUNDARIO - NOMBRE PERSONAL [R]
Nombre personal [NR] Piazzini Suárez, Carlo Emilio
Término de relación [R]
9 (RLIN) 164584
942 ## - ELEMENTOS DE ENTRADA AGREGADOS (KOHA)
Tipo de ítem principal el descrito en 300a Libro
Tema principal Sociología
Edición 1
Parte restante de la signatura top. D441
Sistema de clasificación DEWEY
Clasificación 304.23
Existencias
Fecha de último préstamo Total préstamos Total Renewals Signatura topográfica Código de barras Última vez visto Ejemplar Price effective from Tipo de ítem Perdido Sistema de clasificación Dañado No prestable Tipo de ítem específico Suprimido Ubicación habitual Ubicación actual Localización Fecha de creación Forma de adquisición Costo
15/09/2018 12 1 304.23 D441 100094494 09/12/2025 Ej.1 03/02/2013 Libro   DEWEY     Libro   Claustro Claustro 2do piso 30/09/2008 Compra 46000.00